1271 1903 1503 1855 1442 1136 1364 1140 1468 1945 1942 1945 1917 1861 1383 1168 1968 1505 1233 1472 1665 1912 1002 1141 1373 1080 1156 1368 1071 1506 1466 1109 1745 1905 1974 1654 1985 1668 1617 1458 1895 1306 1564 1124 1902 1090 1303 1802 1814 1026 1082 1426 1245 1055 1903 1853 1052 1850 1833 1251 1603 1102 1541 1955 1612 1141 1662 1762 1661 1770 1330 1362 1782 1999 1184 1349 1591 1694 1357 1486 1630 1663 1194 1199 1240 1420 1592 1954 1995 1989 1201 1966 1790 1925 1308 1114 1037 1229 1201 BCNSPRNW ULIB Ver.6.0+V

เปลี่ยนเป็นภาษาไทย

Change to English
 แสดงรายละเอียดบรรณานุกรม
  กลับหน้าหลัก

Brief Record : Get Marc (ISO 2709) : E-mail record : QR code < ปิดหน้าต่าง
LEADER : 00000nam 2200000uu 4500
001    13399112439
003     ULIB
008    110816s2554||||th 000 0 tha d
020    9786167375434
060 04 WO500^bค695 2554
245 00 คู่มือหัตถการทางวิสัญญี =^bHandbook of anestheticprocedures /^c[บรรณาธิการ] วิรัตน์ วศินวงศ์
246 31 Handbook of anesthetic procedures
260    สงขลา :^bชานเมืองการพิมพ์,^c2554
300    223 หน้า :^bภาพประกอบ ;^c22 ซม.
650  4 หัตถการทางการแพทย์
650  4 วิสัญญีวิทยา
700 0  วิรัตน์ วศินวงศ์,^eบรรณาธิการ
945    ^p220^l0^i18512
945    ^p220^l0^i030554
945    ^p220^l0^i030555
945    ^p220^l0^i030556
945    ^p220^l0^i18611
945    ^p220^l0^i18896
995    กัณชพร
999 ^a ใช้งานได้ทุกระบบ
รายการนี้ยังไม่มีแท็ก
คุณยังไม่ได้ล็อกอิน คุณสามารถมีกิจกรรมร่วมกับเว็บไซต์ได้ แต่ต้องล็อกอินก่อน ::
  ล็อกอิน

รายการสื่อสารสนเทศ

ลำดับที่ ประเภท เลขเรียก/บาร์โค้ด สถานที่ สถานะ
1. วิทยาศาสตร์การแพทย์ และสุขภาพ
วิทยาศาสตร์การแพทย์ และสุขภาพ
สถานะ=หนังสือเก่า
WO500 ค695 2554  
  Barcode: 18512
ห้องสมุดวิทยาเขตนครสวรรค์
►ส่วนจัดเก็บหนังสือเก่า นว.
บนชั้น
  ขอยืม
2. วิทยาศาสตร์การแพทย์ และสุขภาพ
วิทยาศาสตร์การแพทย์ และสุขภาพ
WO500 ค695 2554 ฉ.2 
  Barcode: 030554
ห้องสมุดวิทยาเขตสวรรค์ประชารักษ์
►ส่วนจัดเก็บหนังสือเก่า สปร
บนชั้น
  ขอยืม
3. วิทยาศาสตร์การแพทย์ และสุขภาพ
วิทยาศาสตร์การแพทย์ และสุขภาพ
WO500 ค695 2554 ฉ.4 
  Barcode: 030556
ห้องสมุดวิทยาเขตสวรรค์ประชารักษ์
►ส่วนจัดเก็บหนังสือเก่า สปร
บนชั้น
  ขอยืม
4. วิทยาศาสตร์การแพทย์ และสุขภาพ
วิทยาศาสตร์การแพทย์ และสุขภาพ
สถานะ=หนังสือเก่า
WO500 ค695 2554 ฉ.5 
  Barcode: 18611
ห้องสมุดวิทยาเขตนครสวรรค์
►ส่วนจัดเก็บหนังสือเก่า นว.
บนชั้น
  ขอยืม
5. วิทยาศาสตร์การแพทย์ และสุขภาพ
วิทยาศาสตร์การแพทย์ และสุขภาพ
สถานะ=หนังสือเก่า
WO500 ค695 2554 ฉ.6 
  Barcode: 18896
ห้องสมุดวิทยาเขตนครสวรรค์
►ส่วนจัดเก็บหนังสือเก่า นว.
บนชั้น
  ขอยืม

รายการใกล้เคียง
    หัวเรื่อง [หัตถการทางการแพทย์]
    หัวเรื่อง [วิสัญญีวิทยา]

BibComment


ยังไม่เคยถูกคอมเมนท์

คอมเมนท์ทรัพยากรรายการนี้
  คอมเมนท์: คู่มือหัตถการทางว..


 Copyright 2026. Bcnsprnw @Library